Συγγενικές σχέσεις και στρατηγικές ανταλλαγών : το παράδειγμα της Νάξου τον 17ο αιώνα

Αποθηκεύτηκε σε:
Λεπτομέρειες βιβλιογραφικής εγγραφής
Κύριος συγγραφέας: Καλπουρτζή, Εύα Κ., 1946-
Μορφή: Βιβλίο
Γλώσσα:Greek
Δημοσίευση: Αθήνα : Ελληνικά Γράμματα, 2001.
Σειρά:Ανθρωπολογικοί ορίζοντες
Θέματα:
Ετικέτες: Προσθήκη ετικέτας
Δεν υπάρχουν, Καταχωρήστε ετικέτα πρώτοι!

MARC

LEADER 00000cam a2200000 i 4500
001 1/41274
008 030924s2001 gr | ||| |||| ||gre||
020 |a 9603934259 
035 |l 10070962 
040 |a GR-MyUA  |b gre  |e AACR2 
041 0 |a gre 
082 0 |a 306.830949585   |2 (21) 
100 1 |a Καλπουρτζή, Εύα Κ.,   |d 1946- 
245 1 0 |a Συγγενικές σχέσεις και στρατηγικές ανταλλαγών :   |b το παράδειγμα της Νάξου τον 17ο αιώνα /   |c Εύα Καλπουρτζή.  
260 |a Αθήνα :   |b Ελληνικά Γράμματα,   |c 2001.  
300 |a 240 σ. ;   |c 21 εκ.  
490 1 |a (Ανθρωπολογικοί ορίζοντες)  
504 |a Περιέχει βιβλιογραφικές αναφορές και ευρετήριο.  
650 0 0 |a Families  |z Greece  |z Naxos Island  |x History  |y 17th century. 
650 0 0 |a Transfer (Law)  |z Greece  |z Naxos Island  |x History  |y 17th century. 
650 0 0 |a Annuities  |z Greece  |z Naxos Island  |x History  |y 17th century. 
651 0 |a Naxos Island (Greece)  |x Social conditions  |y 17th century. 
830 0 |a Ανθρωπολογικοί ορίζοντες 
852 |a INST  |b LESVOS  |e 20030924  |h 306.830949585 ΚΑΛ  |p 005100026570  |q 005100026570  |t BK  |y 0 
852 |a INST  |b LESVOS  |e 20031027  |h 306.830949585 ΚΑΛ  |p 005100029666  |q 005100029666  |t BK  |y 0 
852 |a INST  |b LESVOS  |e 20040113  |h 306.830949585 ΚΑΛ  |p 005100030910  |q 005100030910  |t BK  |y 0 
852 |a INST  |b LESVOS  |e 20081120  |h 306.830949585 ΚΑΛ  |p 005100044235  |q 005100044235  |t BK  |y 0 
852 |a INST  |b LESVOS  |e 20110527  |h 306.830949585 ΚΑΛ  |p 005100049043  |q 005100049043  |t BK  |y 0 
852 |a INST  |b LESVOS  |e 20110401  |h 306.830949585 ΚΑΛ  |p 005100049171  |q 005100049171  |t BK  |y 0 
852 |a INST  |b LESVOS  |e 20110401  |h 306.830949585 ΚΑΛ  |p 005100049172  |q 005100049172  |t BK  |y 0 
852 |a INST  |b LESVOS  |e 20110401  |h 306.830949585 ΚΑΛ  |p 005100049173  |q 005100049173  |t BK  |y 0 
852 |a INST  |b LESVOS  |e 20110401  |h 306.830949585 ΚΑΛ  |p 005100049174  |q 005100049174  |t BK  |y 0 
852 |a INST  |b RHODES  |e 20111012  |h 306.830949585 ΚΑΛ  |p 005400033701  |q 005400033701  |t BK  |y 0 
852 |a INST  |b SAMOS  |e 20150710  |h 306.8309495585 ΚΑΛ  |p 005300042402  |q 005300042402  |t BK  |y 0 
901 |a BIBL1-2003-3 
901 |a BIBL1-2003-3 
901 |a BIBL1-2004-1 
901 |a BIBL1-2008-3 
901 |a BIBL1-2011-1 
901 |a BIBL4-2011-3 
909 |a Λ  |b 104798 
909 |a Λ  |b 167932 
909 |a Λ  |b 105438 
909 |a Λ  |b 108211 
909 |a Λ  |b 141092 
909 |a Λ  |b 167803 
909 |a Λ  |b 167802 
909 |a Λ  |b 167801 
909 |a Λ  |b 167800 
909 |a Ρ  |b 170354 
920 |a ΕΠΕΑΕΚ ΚΟΙΝΩΝΙΚΗΣ ΑΝΘΡΩΠΟΛΟΓΙΑΣ  |y Λέσβος  |z 2003-06 
920 |a ΦΟΙΤΗΤΙΚΗ ΜΕΡΙΜΝΑ  |y Λέσβος  |z 2003-07 
920 |a ΚΑΛΠΟΥΡΤΖΗ  |b EYA  |y Λέσβος  |z 2004-01 
970 |a ΚΑΡΑ  |b ΓΙΑΣΕΜΗ  |z 2003/09/24